[Event "54th"]
[Site "Reggio Emilia ITA"]
[Date "2012.01.03"]
[Round "7"]
[White "Vitiugov, Nikita"]
[Black "Ivanchuk, Vassily"]
[Result "1-0"]
[WhiteElo "2729"]
[BlackElo "2775"]
[PlyCount "61"]
[EventDate "2011.12.27"]
[EventRounds "10"]
[EventCountry "ITA"]
[EventCategory "20"]

1. d4 Nf6 2. c4 e6 3. Nc3 Bb4 4. Nf3 c5 5. g3 Nc6 6. Bg2 Ne4 7. Bd2 Nxd2 8.
Qxd2 cxd4 9. Nxd4 O-O 10. a3 Be7 11. O-O Ne5 12. b3 a6 13. Rfd1 Qc7 14. Ne4 f5
15. Nc3 Rb8 16. e4 fxe4 17. Nxe4 b6 18. Qe2 Bb7 19. f4 Nc6 20. Nf3 Na5 21. Rd3
Bxe4 22. Qxe4 Nb7 23. b4 Nd6 24. Qe2 Nf7 25. Qd2 Rfd8 26. Re1 a5 27. Qc3 axb4
28. axb4 Rbc8 29. Nd2 Nd6 30. Rc1 {And here, a 'chucky' was played.} Nxc4 31.
Nxc4 ({After} 31. Nxc4 {Black was probably expecting to win back the knight
with} b5 {However White has} 32. Ne3 $1 {the move that Ivanchuk probably
overlooked. It blocks the anticipated queen check on b6:} (32. Ne5 $2 Qb6+ 33.
Kf1 Rxc3 $19)) 1-0